000 01032pam a2200277 a 4500
001 2053400
003 NUST - PNEC
005 20170116181140.0
008 931221s1995 nyua 001 0 eng
010 _a 93049739
020 _a0028023315
040 _aDLC
_cLIBRARY
_dDLC
050 0 0 _aTJ213
_b.M553 1995
082 0 0 _a670.427 MOR
_220
100 1 _aMorriss, S. Brian.
245 1 0 _aAutomated manufacturing systems :
_bactuators, controls, sensors, and robotics /
_cS. Brian Morriss.
260 _aNew York :
_bGlencoe,
_cc1995.
300 _axiii, 301 p. :
_bill. ;
_c25 cm.
500 _aIncludes index.
650 0 _aAutomatic control.
_xGeneral
650 0 _aProcess control.
856 4 2 _3Publisher description
_uhttp://www.loc.gov/catdir/description/mh031/93049739.html
856 4 1 _3Table of contents
_uhttp://www.loc.gov/catdir/toc/mh031/93049739.html
942 _2ddc
_cBK
999 _c70438
_d70438